Competitive intelligence : (Record no. 345223)

000 -LEADER
fixed length control field 01484 a2200205 4500
020 ## - INTERNATIONAL STANDARD BOOK NUMBER
International Standard Book Number 032420325X
020 ## - INTERNATIONAL STANDARD BOOK NUMBER
International Standard Book Number 9780324203257
082 04 - DEWEY DECIMAL CLASSIFICATION NUMBER
Classification number 658.472
090 ## - LOCALLY ASSIGNED LC-TYPE CALL NUMBER (OCLC); LOCAL CALL NUMBER (RLIN)
-- 2732
-- 2732
100 1# - MAIN ENTRY--PERSONAL NAME
Personal name Vibert, Conor.
245 10 - TITLE STATEMENT
Title Competitive intelligence :
Remainder of title a framework for web-based analysis and decision making /
Statement of responsibility, etc. Conor Vibert.
250 ## - EDITION STATEMENT
Edition statement 1st ed.
260 ## - PUBLICATION, DISTRIBUTION, ETC.
Place of publication, distribution, etc. [S.l.] :
Name of publisher, distributor, etc. South-Western Educational Pub,
Date of publication, distribution, etc. 2003.
300 ## - PHYSICAL DESCRIPTION
Extent 264 p. ;
Dimensions 24 cm.
500 ## - GENERAL NOTE
General note Hardcover.
520 ## - SUMMARY, ETC.
Summary, etc. Managers constantly face uncertainty as they attempt to make decisions in a complex and competitive environment. In Competitive Intelligence: A Framework for Web-Based Analysis and Decision Making, Conor Vibert gives the research professional a complete and reliable framework for collecting and analyzing information that will give managers confidence in any situation. Competitive Intelligence uniquely introduces the study of organizational tyeory and strategy into the competitive intelligence process to improve the effectiveness of comopetitive intelligence programs. Using Vibert's research missions, Internet search and analysis toos, and the analytical framework, researchers will have all they need to run an effective knowledge management program in an organization.
856 40 - ELECTRONIC LOCATION AND ACCESS
Materials specified Amazon.com
Uniform Resource Identifier <a href="http://www.amazon.com/exec/obidos/ASIN/032420325X/chopaconline-20">http://www.amazon.com/exec/obidos/ASIN/032420325X/chopaconline-20</a>
856 40 - ELECTRONIC LOCATION AND ACCESS
Materials specified Amazon customer reviews
Uniform Resource Identifier <a href="http://www.chopac.org/cgi-bin/tools/azrev.pl?q=032420325X">http://www.chopac.org/cgi-bin/tools/azrev.pl?q=032420325X</a>
942 ## - ADDED ENTRY ELEMENTS (KOHA)
Institution code [OBSOLETE] NBS
Koha item type Book
Call number prefix 658.472 VIB
Holdings
Withdrawn status Lost status Damaged status Not for loan Permanent Location Current Location Date acquired Total Checkouts Full call number Barcode Date last seen Price effective from Koha item type
        Central Library (CL) Central Library (CL) 08/28/2013   658.472 VIB NBSD-798 08/28/2013 08/28/2013 Book
© 2023 Central Library, National University of Sciences and Technology. All Rights Reserved.